अन्न कहाँ से आता हैं : (Record no. 210703)

MARC details
000 -LEADER
fixed length control field 00962nam a22001817a 4500
005 - DATE AND TIME OF LATEST TRANSACTION
control field 20250403112928.0
010 ## - LCCN (DPL NO)
LC control number HIN-129567
020 ## - INTERNATIONAL STANDARD BOOK NUMBER
International Standard Book Number 9788123792651
Terms of availability 275.00
035 ## - SYSTEM CONTROL NUMBER
System control number HN-101913
037 ## - SOURCE OF ACQUISITION
Source of stock number/acquisition DBAD
082 ## - DEWEY DECIMAL CLASSIFICATION NUMBER
Classification number 630
100 ## - MAIN ENTRY--PERSONAL NAME
Personal name नैथानी, सुषमा
245 ## - TITLE STATEMENT
Title अन्न कहाँ से आता हैं :
Statement of responsibility, etc सुषमा नैथानी
Remainder of title कृषि का संक्षिप्त इतिहास: झूम से जी.एम.ओ. तक /
260 ## - PUBLICATION, DISTRIBUTION, ETC. (IMPRINT)
Place of publication, distribution, etc नई दिल्ली
Name of publisher, distributor, etc राष्ट्रीय पुस्तक न्यास, भारत
Date of publication, distribution, etc 2020
270 ## - ADDRESS
City नई दिल्ली
Address नेहरू भवन 5, वसंत कुंज इंस्टीटयूशनल एरिया, फेज-2, वसंत कुंज,
Postal code 110070
300 ## - PHYSICAL DESCRIPTION
Extent 262पृ.
Dimensions 22सेमी. (अजिल्द)
942 ## - ADDED ENTRY ELEMENTS (KOHA)
Source of classification or shelving scheme Dewey Decimal Classification
Item type Hindi Books
Classification part 630
Call number suffix नैथानी
Holdings
Withdrawn status Lost status Not for loan Collection code Home library Current library Date acquired Source of acquisition Cost, normal purchase price Full call number Barcode Copy number Cost, replacement price Koha item type
      Non-fiction Mobile Library Mobile Library 03/04/2025 DBAD 275.00 630 नैथानी HN-101913 1 275.00 Hindi Books

© Delhi Public Library
Hit Counter
free hit counter